| 000 | 00691cam a22002295a 4500 | ||
|---|---|---|---|
| 999 |
_c27562 _d27533 |
||
| 005 | 20190625103707.0 | ||
| 008 | 181018t2012 nyua frb 001|0|eng|d | ||
| 020 | _a9780071310468 | ||
| 020 | _a0071310460 | ||
| 040 |
_aStDuBDS _beng _cStDuBDS _dEG-ScBUE |
||
| 082 | 0 | 4 |
_a301 _222 _bSCH |
| 100 | 1 | _aSchaefer, Richard T. | |
| 245 | 1 | 0 |
_aSociology / _cRichard T. Schaefer. |
| 250 | _a13th ed., International student ed. | ||
| 260 |
_aNew York : _bMcGraw-Hill, _cc.2012. |
||
| 300 |
_axxxii, 567 p. : _bill. (col.) ; _c28 cm. |
||
| 504 | _aIncludes bibliographical references and index. | ||
| 650 | 7 |
_aSociology. _2BUEsh |
|
| 651 | _2BUEsh | ||
| 653 |
_bHHUUPPSS _cJune2019 |
||
| 942 | _2ddc | ||